| 000 | 005640000a22001930004500 | ||
|---|---|---|---|
| 001 | 004597 | ||
| 003 | MACL | ||
| 005 | 20150712162709.0 | ||
| 008 | 150712b xxu||||| |||| 00| 0 eng d | ||
| 040 |
_aMACL _cMACL |
||
| 041 | _aEnglish | ||
| 082 | _a320/REO | ||
| 100 |
_aReddy, P.L. Sanjeev _91971 |
||
| 245 |
_aDemocracy, Governance And Globlization _bEssays In Honour Of Paul H.Appleby _cP.L. Sanjeev Reddy |
||
| 260 |
_aNew Delhi _c2004 _bIndian Institute Of Public Administration, |
||
| 350 | _a900 | ||
| 650 |
_aPolitical Science _988 |
||
| 942 |
_k320 _cBK _2ddc |
||
| 999 |
_c16484 _d16484 |
||